000 00329nam a2200133Ia 4500
005 20260328104305.0
008 260328s9999||||xx |||||||||||||| ||und||
100 _aLunn, Martin
245 0 _aEl Código da Vinci :
_b descodificado /
_cMartin Lunn
260 _bPlaneta
300 _a198 p.
650 _aLITERATURA
942 _cBK
999 _c10721
_d10721